Science and practice of liquid-liquid extraction / (Record no. 328)
[ view plain ]
| 000 -LEADER | |
|---|---|
| fixed length control field | 01343pam a2200289 a 4500 |
| 001 - CONTROL NUMBER | |
| control field | 3887712 |
| 005 - DATE AND TIME OF LATEST TRANSACTION | |
| control field | 20230517073941.0 |
| 008 - FIXED-LENGTH DATA ELEMENTS--GENERAL INFORMATION | |
| fixed length control field | 900904s1992 enka b 001 0 eng |
| 010 ## - LIBRARY OF CONGRESS CONTROL NUMBER | |
| LC control number | 90014240 |
| 020 ## - INTERNATIONAL STANDARD BOOK NUMBER | |
| International Standard Book Number | 0198561784 (set) |
| 020 ## - INTERNATIONAL STANDARD BOOK NUMBER | |
| International Standard Book Number | 9780198562368 (hbk) |
| 040 ## - CATALOGING SOURCE | |
| Original cataloging agency | DLC |
| Transcribing agency | KMU |
| Modifying agency | KMU |
| Description conventions | rda |
| 050 00 - LIBRARY OF CONGRESS CALL NUMBER | |
| Classification number | TP 156.E6 Sci |
| Item number | S35 1992 |
| 245 00 - TITLE STATEMENT | |
| Title | Science and practice of liquid-liquid extraction / |
| Statement of responsibility, etc. | [edited by] John D. Thornton. |
| 260 ## - PUBLICATION, DISTRIBUTION, ETC. | |
| Place of publication, distribution, etc. | Oxford : |
| Name of publisher, distributor, etc. | Clarendon Press; |
| Place of publication, distribution, etc. | New York : |
| Name of publisher, distributor, etc. | Oxford University Press, |
| Date of publication, distribution, etc. | 1992. |
| 300 ## - PHYSICAL DESCRIPTION | |
| Extent | xviii, 603 p.: |
| Other physical details | ill. ; |
| Dimensions | 24 cm. |
| 440 #4 - SERIES STATEMENT/ADDED ENTRY--TITLE | |
| Title | The Oxford engineering science series ; |
| Volume/sequential designation | 27 |
| 504 ## - BIBLIOGRAPHY, ETC. NOTE | |
| Bibliography, etc. note | Includes bibliographical references and indexes. |
| 505 0# - FORMATTED CONTENTS NOTE | |
| Formatted contents note | v. 1. Phase equilibria, mass transfer and interfacial phenomena, extractor hydrodynamics, selection, and design -- v. 2. Process chemistry and extraction operations in the hydrometallurgical, nuclear, pharmaceutical, and food industries. |
| 650 #0 - SUBJECT ADDED ENTRY--TOPICAL TERM | |
| Topical term or geographic name entry element | Extraction (Chemistry) |
| 700 1# - ADDED ENTRY--PERSONAL NAME | |
| Personal name | Thornton, John D. |
| 856 42 - ELECTRONIC LOCATION AND ACCESS | |
| Materials specified | Publisher description |
| Uniform Resource Identifier | <a href="http://www.loc.gov/catdir/enhancements/fy0639/90014240-d.html">http://www.loc.gov/catdir/enhancements/fy0639/90014240-d.html</a> |
| 856 41 - ELECTRONIC LOCATION AND ACCESS | |
| Materials specified | Table of contents only |
| Uniform Resource Identifier | <a href="http://www.loc.gov/catdir/enhancements/fy0639/90014240-t.html">http://www.loc.gov/catdir/enhancements/fy0639/90014240-t.html</a> |
| 906 ## - LOCAL DATA ELEMENT F, LDF (RLIN) | |
| a | 7 |
| b | cbc |
| c | orignew |
| d | 1 |
| e | ocip |
| f | 19 |
| g | y-gencatlg |
| 942 ## - ADDED ENTRY ELEMENTS (KOHA) | |
| Source of classification or shelving scheme | Dewey Decimal Classification |
| Koha item type | Non-Fiction |
| Suppress in OPAC | No |
| Withdrawn status | Lost status | Source of classification or shelving scheme | Materials specified (bound volume or other part) | Damaged status | Not for loan | Collection | Home library | Current library | Shelving location | Date acquired | Source of acquisition | Total Checkouts | Full call number | Barcode | Date last seen | Price effective from | Koha item type |
|---|---|---|---|---|---|---|---|---|---|---|---|---|---|---|---|---|---|
| Library of Congress Classification | Volume 1 | Non-fiction | Kapasa Makasa University | Kapasa Makasa University | Open Access | 17.05.2023 | ZLS | TP 156.E6 Sci | 300365 | 17.05.2023 | 17.05.2023 | Non-Fiction |